Harvard Public Health Review

محفوظ في:

التنسيق: دورية

اللغة: Undetermined

منشور في: JSTOR
Harvard T.H. Chan School of Public Health

الموضوعات:

Law

الوصول للمادة أونلاين: Login to view Source

الوسوم: إضافة وسم

لا توجد وسوم, كن أول من يضع وسما على هذه التسجيلة!

رقم الطلب:

LEADER 00567nas a2200181Ia 4500
008 220214c99999999xx |||||||||||| ||und||
022 |a 2643-6450 
245 0 0 |a Harvard Public Health Review 
264 1 |b JSTOR 
264 1 |b Harvard T.H. Chan School of Public Health 
362 0 |a Vol. 1(2014)-25 (2019) 
653 1 0 |a Law 
653 1 0 |a Medicine & Allied Health 
653 1 0 |a Public Health 
856 4 0 |u https://www.jstor.org/journal/harvpublhealrevi 
942 |c JL 
952 |0 0  |1 0  |4 0  |7 1  |9 35111  |a JSR  |b JSR  |d 2022-02-14  |l 0  |r 2022-02-14 00:00:00  |w 2022-02-14  |y JL 
999 |c 43444  |d 43444